<?xml version="1.0" encoding="UTF-8"?>
<collection xmlns="http://www.loc.gov/MARC21/slim">
 <record>
  <leader>05796nam a2200313 a 4500</leader>
  <controlfield tag="001">kal5345</controlfield>
  <controlfield tag="003">Gr-AtHEAL</controlfield>
  <controlfield tag="005">20160422075210.0</controlfield>
  <controlfield tag="006">m        d        </controlfield>
  <controlfield tag="008">160413s2015    gr      s           gre|c</controlfield>
  <datafield tag="020" ind1=" " ind2=" ">
   <subfield code="a">9789606031786</subfield>
  </datafield>
  <datafield tag="040" ind1=" " ind2=" ">
   <subfield code="a">GR-AtHEAL</subfield>
   <subfield code="b">gre</subfield>
   <subfield code="c">GR-AtHEAL</subfield>
  </datafield>
  <datafield tag="082" ind1="0" ind2="4">
   <subfield code="a">620.1</subfield>
   <subfield code="2">23</subfield>
  </datafield>
  <datafield tag="100" ind1="1" ind2=" ">
   <subfield code="a">Φλυτζάνης, Νικόλαος.</subfield>
   <subfield code="8">1679</subfield>
  </datafield>
  <datafield tag="245" ind1="1" ind2="0">
   <subfield code="a">Εισαγωγή στη μηχανική των ρευστών</subfield>
   <subfield code="h">[Ηλεκτρονικός πόρος] </subfield>
   <subfield code="c">Φλυτζάνης, Νικόλαος ; Κριτικός αναγνώστης,Χρηστάκης, Νικόλαος ; Γραφιστική επιμέλεια,Θεοδωράκη, Αλεξάνδρα ; Τεχνική επιμέλεια,Θεοδωράκη, Αλεξάνδρα ; Γλωσσική επιμέλεια,Τσιώνης, Γεώργιος.</subfield>
  </datafield>
  <datafield tag="260" ind1=" " ind2=" ">
   <subfield code="a">Αθήνα :</subfield>
   <subfield code="b">Σύνδεσμος Ελληνικών Ακαδημαϊκών Βιβλιοθηκών,</subfield>
   <subfield code="c">c2015.</subfield>
  </datafield>
  <datafield tag="490" ind1=" " ind2=" ">
   <subfield code="a">Ακαδημαϊκά Ηλεκτρονικά Συγγράμματα και Βοηθήματα Κάλλιπος</subfield>
   <subfield code="8">40</subfield>
  </datafield>
  <datafield tag="520" ind1=" " ind2=" ">
   <subfield code="a">Το μάθημα αυτό έχει δοθει για σειρά ετων στο μεταπτυχιακό επίπεδο περιλαμβάνοντας και ελαστικότητα. Στη συνέχεια καθιερώθηκε σαν προπτυχιακό το τμημα της υδροδυναμικής. Οι φοιτητές που το παρακολούθησαν συνεχίζουν μεταπτυχιακά και αρκετοι ακολουθούν σχετικές ειδικότητες. Απευθύνεται κυρίως σε φοιτητές φυσικομαθηματικών σχολών και διαφέρει από αντίστοιχα βιβλία (για μαθηματικούς και μηχανικούς) διότι δίνει έμφαση στην φυσική κατανόηση. Κορμός του είναι οι βασικές αρχές διατήρησης (μάζας, ορμής, ενέργειας κτλ.) που εκφράζονται με την έννοια του πεδίου. Οι τελεστές του διαφορικού λογισμού εισάγονται και συνδέονται με φυσικές ποσότητες ροής . Μάλιστα η σύνδεση με άλλα πεδία π.χ. ηλεκτρομαγνητισμού δρά πολύ θετικά και αμφίδρομα. Τα πρώτα κεφάλαια χρησιμοποιούν τα γνωστά στους τεταρτοετείς φοιτητες εργαλεία του διανυσματικού λογισμού, έτσι ώστε να αναπτυχθούν οι βασικοί νόμοι χωρίς μαθηματική πολυπλοκότητα. Η έννοια των τανυστών εισάγεται πριν το κεφάλαιο ιξωδικής ροής, όπου είναι απαραίτητοι και ο φοιτητής έχει ήδη εξοικιωθεί με την φιλοσοφία, την περιγραφή του πεδίου και τους βασικούς νόμους εκφρασμένους για μικροσκοπικό και μακροσκοπικό σύστημα. Ακολουθούν αρκετά παραδείγματα ερπυστικής ιξωδικής ροής και επανεξέταση της ενέργειας. Σημαντικό κεφάλαιο είναι η διαστατική ανάλυση απαραίτητο εργαλείο σε προσεγγίσεις στην υδροδυναμική. Ιδιαίτερη έμφαση δίνεται σε επιφανειακά κύματα όπου η δύναμη επαναφοράς είναι η βαρύτητα. Μεγάλο μέρος της ανιξωδικής ροής αναφέρεται σε ασυμπίεστη και αστρόβιλη ροή και γι'αυτό έχουμε έχα κεφάλαιο για τον προσδιορισμό του πεδίου ταχύτητας από το πεδίο στροβιλισμού, όπου μελετάται και η δυναμική αλληλεπίδραση στροβίλων. Επίσης προστίθεται και κεφάλαιο συμπιεστής ροής και ρεύματα μεταφοράς, καθώς και υδροδυναμικές αστάθειες. Στο τελευταίο η έμφαση είναι μια σύντομη εισαγωγή στην έννοια της ευστάθειας και η κατανόηση του φυσικού ρόλου των όρων που παραλείψαμε και οδηγούν σε αστάθεια.</subfield>
  </datafield>
  <datafield tag="650" ind1=" " ind2="0">
   <subfield code="a">Fluid mechanics</subfield>
   <subfield code="8">1628</subfield>
  </datafield>
  <datafield tag="653" ind1=" " ind2=" ">
   <subfield code="a">Μηχανική των ρευστών</subfield>
  </datafield>
  <datafield tag="653" ind1=" " ind2=" ">
   <subfield code="a">Υδροδυναμική</subfield>
  </datafield>
  <datafield tag="653" ind1=" " ind2=" ">
   <subfield code="a">Φυσική</subfield>
   <subfield code="a">Ηλεκτρομαγνητισμός, οπτική, ακουστική, μεταφορά θερμότητας, κλασική μηχανική, ρευστοδυναμική</subfield>
   <subfield code="a">Μηχανική</subfield>
  </datafield>
  <datafield tag="653" ind1=" " ind2=" ">
   <subfield code="a">Φυσική</subfield>
   <subfield code="a">Ηλεκτρομαγνητισμός, οπτική, ακουστική, μεταφορά θερμότητας, κλασική μηχανική, ρευστοδυναμική</subfield>
   <subfield code="a">Ρευστοδυναμική</subfield>
  </datafield>
  <datafield tag="700" ind1="1" ind2=" ">
   <subfield code="a">Χρηστάκης, Νικόλαος</subfield>
   <subfield code="e">Κριτικός αναγνώστης</subfield>
   <subfield code="8">1680</subfield>
  </datafield>
  <datafield tag="856" ind1="4" ind2="0">
   <subfield code="u">http://hdl.handle.net/11419/5345</subfield>
   <subfield code="z">Πλήρες Κείμενο - Full text</subfield>
  </datafield>
  <datafield tag="907" ind1=" " ind2=" ">
   <subfield code="a">.b25679818</subfield>
   <subfield code="b">12-06-18</subfield>
   <subfield code="c">29-07-16</subfield>
  </datafield>
  <datafield tag="949" ind1=" " ind2=" ">
   <subfield code="0">0</subfield>
   <subfield code="1">0</subfield>
   <subfield code="2">ddc</subfield>
   <subfield code="4">0</subfield>
   <subfield code="6">620_100000000000000_ΦΛΥ</subfield>
   <subfield code="7">0</subfield>
   <subfield code="8">KALL</subfield>
   <subfield code="8">740</subfield>
   <subfield code="d">2016-04-13</subfield>
   <subfield code="r">2016-04-13</subfield>
   <subfield code="w">2016-04-13</subfield>
   <subfield code="z">620.1 ΦΛΥ</subfield>
   <subfield code="o">SEAB KALLIPOS</subfield>
  </datafield>
  <datafield tag="998" ind1=" " ind2=" ">
   <subfield code="a">80</subfield>
   <subfield code="a">01</subfield>
   <subfield code="a">02</subfield>
   <subfield code="a">03</subfield>
   <subfield code="a">04</subfield>
   <subfield code="a">05</subfield>
   <subfield code="a">06</subfield>
   <subfield code="a">07</subfield>
   <subfield code="a">08</subfield>
   <subfield code="a">09</subfield>
   <subfield code="a">10</subfield>
   <subfield code="a">11</subfield>
   <subfield code="a">12</subfield>
   <subfield code="a">13</subfield>
   <subfield code="a">14</subfield>
   <subfield code="a">15</subfield>
   <subfield code="a">16</subfield>
   <subfield code="a">17</subfield>
   <subfield code="a">18</subfield>
   <subfield code="a">19</subfield>
   <subfield code="a">20</subfield>
   <subfield code="a">21</subfield>
   <subfield code="a">22</subfield>
   <subfield code="a">23</subfield>
   <subfield code="a">24</subfield>
   <subfield code="a">25</subfield>
   <subfield code="a">26</subfield>
   <subfield code="b">16-05-17</subfield>
   <subfield code="c">m</subfield>
   <subfield code="d">z  </subfield>
   <subfield code="e">-</subfield>
   <subfield code="f">gre</subfield>
   <subfield code="g">gr </subfield>
   <subfield code="h">0</subfield>
  </datafield>
  <datafield tag="942" ind1=" " ind2=" ">
   <subfield code="2">ddc</subfield>
   <subfield code="c">KALLIPOS</subfield>
  </datafield>
 </record>
</collection>
